Ashi Hi America! Ashi Hi America (Record no. 362827)

MARC details
000 -LEADER
fixed length control field 003620000a22001450004500
005 - DATE AND TIME OF LATEST TRANSACTION
control field 20120302064708.0
040 ## - CATALOGING SOURCE
Original cataloging agency Mar
100 ## - MAIN ENTRY--PERSONAL NAME
Personal name Joshi, Vasant; Joshi, vasudha
245 ## - TITLE STATEMENT
Title Ashi Hi America! Ashi Hi America
260 ## - PUBLICATION, DISTRIBUTION, ETC. (IMPRINT)
Place of publication, distribution, etc Pune : Vasudha Joshi, 2003
300 ## - PHYSICAL DESCRIPTION
Extent 135 p.-ill
365 ## - TRADE PRICE
Price amount Rs.60/-
650 ## - SUBJECT ADDED ENTRY--TOPICAL TERM
Topical term or geographic name as entry element Sankirna/ Ashi hi / america
942 ## - ADDED ENTRY ELEMENTS (KOHA)
Koha item type Book
Holdings
Withdrawn status Lost status Damaged status Not for loan Home library Current library Date acquired Total Checkouts Barcode Date last seen Price effective from
        Institute For Oriental Study, Thane Institute For Oriental Study, Thane 12/02/2009   IOS-M 23881 12/02/2009 12/02/2009